000
00248nam a2200121Ia 4500
003
3228
005
20230609155649.0
008
210817s9999 xx 000 0 und d
040
_c
1
082
_a
EJF WILS
245
0
_a
Superdog
942
_c
BK
_2
ddc
_y
395
_z
Kholofelo Moabelo
999
_c
261900
_d
261899